000 00863nam a2200217 a 4500
003 CO-ViMGA
005 20230915225026.0
008 061031s2007 ck a gr 00010dspa d
020 _a9789582008932
040 _aCO-ViMGA
_bspa
_cCO-ViMGA
082 0 4 _a371.92
_bM67c
_220 ed.
100 1 _aMorales Navarro, Mario.
_9718
245 1 0 _aEl Cambio cognitivo en el niño de aprendizaje lento :
_buna mirada desde la teoría de la modificabilidad estructural cognitiva /
_cMario Morales Navarro.
260 3 _aBogotá :
_bCooperativa Editorial Magisterio :
_bGrupo Cisne de Investigación,
_c2007.
300 _a256 p. :
_bil. ;
_c21 cm.
650 1 4 _aPsicología del aprendizaje.
_9722
650 1 4 _aNiños de aprendizaje lento.
_9719
650 1 4 _aNiños de aprendizaje lento
_x Educación.
_9720
650 1 4 _aTrastornos del aprendizaje.
_9721
942 _2ddc
_cBK
999 _c3284
_d3284